Faculty of Law Library — Cairo University

Official Online Catalog

رقابة القاضي الإداري لقرارات إبعاد الأجانب : (Record no. 54506)

MARC details
000 -LEADER
fixed length control field 01378nam a2200325 i 4500
003 - CONTROL NUMBER IDENTIFIER
control field EG-GICUC
005 - DATE AND TIME OF LATEST TRANSACTION
control field 20260121101646.0
008 - FIXED-LENGTH DATA ELEMENTS--GENERAL INFORMATION
fixed length control field 260104s2011 ua ||||f |||| 00| 0 ara d
017 ## - COPYRIGHT OR LEGAL DEPOSIT NUMBER
Copyright or legal deposit number 2011/20978
020 ## - INTERNATIONAL STANDARD BOOK NUMBER
International Standard Book Number 9775866456
040 ## - CATALOGING SOURCE
Original cataloging agency EG-GICUC
Language of cataloging ara
Transcribing agency EG-GICUC
Modifying agency EG-GICUC
Description conventions rda
041 ## - LANGUAGE CODE
Language code of text/sound track or separate title ara
082 04 - DEWEY DECIMAL CLASSIFICATION NUMBER
Edition number 21
Classification number 345.693
Item number ه ش . ر
092 04 - LOCALLY ASSIGNED DEWEY CALL NUMBER (OCLC)
Edition number 21
099 ## - LOCAL FREE-TEXT CALL NUMBER (OCLC)
Classification number Law1 07 345.693 ه ش . ر 2011
100 0# - MAIN ENTRY--PERSONAL NAME
Personal name هشام عبد المنعم عكاشة
Relator term مؤلف.
245 10 - TITLE STATEMENT
Title رقابة القاضي الإداري لقرارات إبعاد الأجانب :
Remainder of title دراسة تأصيلية قضائية لأهم أحكام مجلس الدولة المصري والاتفاقية الأوروبية لحقوق الإنسان /
Statement of responsibility, etc. دكتور هشام عبد المنعم عكاشة .
264 #1 - PRODUCTION, PUBLICATION, DISTRIBUTION, MANUFACTURE, AND COPYRIGHT NOTICE
Place of production, publication, distribution, manufacture القاهرة :
Name of producer, publisher, distributor, manufacturer دار النهضة العربية ،
Date of production, publication, distribution, manufacture, or copyright notice 2011 .
300 ## - PHYSICAL DESCRIPTION
Extent 262 ؛ صفحة
Dimensions 24 سم
336 ## - CONTENT TYPE
Source rda content
Content type term text
337 ## - MEDIA TYPE
Source rda media
Media type term Computer
338 ## - CARRIER TYPE
Source rda carrier
Carrier type term Online Resource
504 ## - BIBLIOGRAPHY, ETC. NOTE
Bibliography, etc. note يشتمل على إرجاعات ببليوجرافية
650 14 - SUBJECT ADDED ENTRY--TOPICAL TERM
Topical term or geographic name entry element الرقابة القضائية علي اعمال الادارة
Geographic subdivision مصر
Source of heading or term qrmak
650 14 - SUBJECT ADDED ENTRY--TOPICAL TERM
Topical term or geographic name entry element القانون الإداري
Geographic subdivision مصر
651 1# - SUBJECT ADDED ENTRY--GEOGRAPHIC NAME
Source of heading or term qrmak
856 40 - ELECTRONIC LOCATION AND ACCESS
Uniform Resource Identifier <a href="https://fll.law.cu.edu.eg/fulltext/bks/B07-02455.pdf">https://fll.law.cu.edu.eg/fulltext/bks/B07-02455.pdf</a>
905 ## - Cataloger and Reviser Names
Cataloger Name: Yasmin Essam
942 ## - ADDED ENTRY ELEMENTS (KOHA)
Source of classification or shelving scheme Dewey Decimal Classification
Koha item type Books
Edition 21
Suppress in OPAC No
Holdings
Withdrawn status Lost status Source of classification or shelving scheme Damaged status Not for loan Collection Home library Current library Date acquired Total checkouts Full call number Barcode Date last seen Copy number Price effective from Koha item type
    Dewey Decimal Classification   Not for loan القانون الإداري جــــامعة القــاهرة مكتبة كلية الحقوق - المبنى الرئيسي 04.01.2026   Law1 07 345.693 ه ش . ر 2011 0702455 C1 B07-02455 04.01.2026 1 04.01.2026 Books
    Dewey Decimal Classification     القانون الإداري جــــامعة القــاهرة مكتبة كلية الحقوق - المبنى الرئيسي 05.01.2026   Law1 07 345.693 ه ش . ر 2011 0702456 C2 B07-02456 05.01.2026 2 05.01.2026 Books

© All rights reserved — Faculty of Law, Cairo University